| 000 | 00667nam a2200181Ia 4500 | ||
|---|---|---|---|
| 008 | 090124s9999 xx 000 0 und d | ||
| 082 |
_b24805 _a578 |
||
| 100 | _aशिरकांडे रा. पि. / वराडे सु. भि. | ||
| 245 | _a कॅन्सरची कहाणी | ||
| 250 | _a1 | ||
| 260 | _c1985 | ||
| 300 | _a426+18 | ||
| 600 | _aशिरकांडे रा. पि. / वराडे सु. भि. | ||
| 630 | _a कॅन्सरची कहाणी | ||
| 700 | _aशिरकांडे रा. पि. / वराडे सु. भि. | ||
| 730 | _a कॅन्सरची कहाणी | ||
| 942 | _cBOOK | ||
| 999 |
_c138349 _d138349 |
||